|
|
|
|
| LEADER |
00000nab a2200000 a 4500 |
| 001 |
vtls000878298 |
| 003 |
SK-MaSNL |
| 005 |
20260304121337.0 |
| 008 |
250429c2004 xo 0 slo |
| 015 |
|
|
|a SNBRB2004/07-20679
|
| 035 |
|
|
|a CLN000229848
|
| 035 |
|
|
|a urn:nbn:sk:snk-absrt
|
| 035 |
|
|
|a (urnnbn)urn:nbn:sk:snk:ar-a03snu
|
| 035 |
|
|
|a (uuid)32fb99f5-4e78-453f-840d-5034b6033ed8
|
| 040 |
|
|
|a SNKBUCL
|b slo
|c SNKBUCL
|e AACR2
|
| 041 |
0 |
|
|a slo
|
| 044 |
|
|
|a xo
|c SK
|
| 080 |
|
|
|a 619-051
|2 1997
|
| 080 |
|
|
|a 638.1-051
|2 1997
|
| 080 |
|
|
|a 929 Roško, Ľudovít
|2 1997
|
| 100 |
1 |
|
|a Feješ, Ján,
|d 1927-2012
|4 aut
|9 106036
|
| 245 |
1 |
0 |
|a MVDr. Ľudovít Roško sa dožil osemdesiatky
|c Ján Feješ
|
| 300 |
|
|
|b Fotogr.
|
| 600 |
1 |
7 |
|a Roško, Ľudovít,
|d 1924-
|2 snkbucl
|9 48829
|
| 655 |
|
7 |
|a články z novín a časopisov
|2 snkbucl
|9 267496
|
| 773 |
0 |
|
|t Slovenský veterinársky časopis
|g Roč. 29, č. 2 (2004), s. 66
|x 1335-0099
|
| 850 |
|
|
|a Slovenská národná knižnica
|
| 852 |
|
|
|a Slovenská národná knižnica
|
| 954 |
|
|
|a odborná, vedecká literatúra pôvodná (slovenská)
|2 lita
|
| 958 |
|
|
|a article27
|
| 958 |
|
|
|a MI
|
| 958 |
|
|
|a BX
|
| 958 |
|
|
|a OND
|
| 958 |
|
|
|a EUIPO
|
| 992 |
|
|
|a RBX
|
| 999 |
|
|
|c 2884621
|d 2886551
|